000 01127nam a2200349 i 4500
999 _c63951
_d63951
001 768714001
003 CO-MdFUSB
005 20180622072549.0
008 160108s2014 sp a | |||| 000 0 spa
017 _aM 27368-2014
_bOficina Depósito Legal Madrid
020 _a9788490611111
040 _aSpMaBN
_bspa
_cCO-MdFUSB
_erda
_dCO-MdFUSBC
041 _aspa
080 _a612.8:1
082 _224
_a128
_bSA195
100 1 _aSanguineti, Juan José
_eautor
245 0 0 _aNeurociencia y filosofía del hombre
_c/ Juan José Sanguineti
264 _aMadrid
_bPalabra
_c[2014]
300 _a396 p.
_b: ilustraciones;
_c21 cm.
336 _a1
_2rdacontent
_btxt
337 _a2
_2rdamedia
_b5
338 _2rdacarrier
_a2
_b5
490 0 _aAlbatros
504 _aBibliografía: páginas: 387-391
505 _gCapitulo 1:
_tIntroducción epitemológica
_gCapitulo 2:
_tPanorama histórico
_gCapítulo 3:
_tLa persona y su cuerpo
_gCapítulo 4:
_tSensación y percepción
563 _aRústico
650 7 _aNeurociencias
_xFilosofía
_2embne
942 _cBK
956 _a2